000 00735cam a22002055a 4500
001 L156989
008 120807s1878 xxk f 000 0 eng d
035 _a(Sirsi) u156989
041 0 _aeng
245 0 0 _aSpon's architects' and builders' pocket-book
260 _a[S.l.
_bs.n.
_c1878]
300 _a398 p.
_bill.
_c8 x 12 cm.
520 _aCover title: "Spon's architects, builders' and contractors' pocket book of prices & memoranda 1878".
520 _aThere is a signature inscribed in ink on the top of the first page: "W. W. Keates".
583 _aCondition reviewed
_c20120807
_lcondition level 3
651 4 _aGreat Britain
_y1707-
690 _aConstruction management
_96230
700 1 _aYoung, W.
_eEditor
942 _n0
999 _c114533
_d114533